Statistics for Countries With 2 Syllables

Click here to take the quiz!

General Stats

  • This quiz has been taken 96 times
    (78 since last reset)
  • The average score is 37 of 49

Answer Stats

Answer% Correct
China
93%
Japan
93%
Denmark
91%
Iran
91%
Iraq
91%
Oman
91%
Norway
89%
Sweden
89%
Yemen
87%
Fiji
85%
Finland
85%
Ghana
85%
Russia
85%
Haiti
83%
Jordan
83%
Brazil
80%
Chile
80%
Iceland
80%
Kenya
80%
Poland
80%
Sudan
80%
Togo
80%
Egypt
78%
Mali
78%
Qatar
78%
Benin
76%
Malta
76%
Thailand
76%
Bhutan
74%
Cuba
74%
Ireland
74%
Kuwait
74%
Peru
72%
Tonga
72%
Turkey
72%
Cyprus
70%
Niger
67%
Palau
67%
Taiwan
67%
Belize
65%
Guinea
65%
Nepal
65%
Bahrain
63%
Belgium
61%
Brunei
61%
Ukraine
61%
Gabon
57%
Maldives
50%
Seychelles
48%

Score Distribution

Percentile by Number Answered

Percent of People with Each Score

Your Score History

You have not taken this quiz since the last reset